zpět

Detail výsledku týmu

Base Camp, Přerov

Datum a čas kvízu

22.5 Celkem bodů Celkový počet nahraných bodů na tomto kvízu bez doplňovacích otázek.
5. Pořadí na kvízu Konečné umístění týmu na tomto kvízu.

Zaznamenané odpovědi

# Otázka Odpověď Body Výsledky
1. Která česká zoologická zahrada... Zoo Plzeň 0
2. Americký ministr zdravotnictví... D 1
3. Ve čtvrtek vyšel trailer na no... bude černobílá 1
4. V pondělí byl vládou zrušen od... NERV (Národní ekonomická rada vlády) 0
5. Na sociálních sítích jste mohl... B) krasobruslení 0
6. Hned v úvodu bod rozdělíme: za... Ulánbátar; Altaj 0.5
7. Mongolština může být zapisován... cyrilice (azbuka) 1
8. Jak se jmenuje hudební skupina... The Hu 0
9. Které náboženství je v Mongols... buddhismus (lamaismus) 1
10. Jak se jmenuje česká spisovate... Petra Hůlová 0